| 000 | 00561nam a22002057a 4500 | ||
|---|---|---|---|
| 003 | OSt | ||
| 005 | 20190328110801.0 | ||
| 008 | 190328b xxu||||| |||| 00| 0 fre d | ||
| 040 | _aLB-BrCRDP | ||
| 082 | _a843.5 T639l | ||
| 100 | _aTzvetan Todorov 1939-2017 | ||
| 245 | _aLittérature et signification | ||
| 260 |
_aParis, _bLarousse, _c1967 |
||
| 300 |
_a118p _c21cm |
||
| 490 | _aLangue et langage. | ||
| 630 | _a Literature -- Philosophy. | ||
| 630 | _a Littérature -- Philosophie. | ||
| 630 | _a Les liaisons dangereuses (Laclos) | ||
| 942 |
_2ddc _cBK |
||
| 999 |
_c22720 _d22720 |
||